London Underground Quiz Stats

 Plays Quiz Updated Sep 20, 2021

Support Sporcle.
Go Orange.
Score 0/66 Timer 10:00
0 Plays Today
Station % Correct
Victoria
79.6%
Waterloo
79.6%
King's Cross St. Pancras
79.1%
Oxford Circus
77.1%
Bank
76.6%
Piccadilly Circus
76.4%
Euston
76.2%
Baker Street
73.3%
Westminster
71.6%
Embankment
70.7%
Leicester Square
70.7%
Paddington
70%
Green Park
69.5%
Liverpool Street
69.1%
Tottenham Court Road
69.1%
London Bridge
66.9%
Bond Street
65%
Covent Garden
65%
Charing Cross
64.4%
Elephant & Castle
63.9%
Holborn
63.7%
South Kensington
62.3%
Marble Arch
60.9%
Aldgate
59.6%
Angel
59.6%
St. Paul's
57.7%
Earl's Court
57.3%
Monument
56.5%
Hyde Park Corner
56.5%
Pimlico
54.6%
Notting Hill Gate
54.5%
Vauxhall
54.5%
Edgware Road
54.1%
Station % Correct
Edgware Road
54.1%
Tower Hill
54%
Knightsbridge
53.6%
Aldgate East
52.6%
Moorgate
51.8%
Blackfriars
51.7%
Farringdon
51.3%
Marylebone
51.2%
Temple
51%
Euston Square
50.9%
Goodge Street
50.8%
Southwark
50.5%
Old Street
50.5%
Sloane Square
50.4%
Chancery Lane
49.9%
High Street Kensington
49.9%
Warren Street
49.7%
Regent's Park
48.9%
Barbican
48.9%
Kennington
47.3%
Russell Square
46.9%
Battersea Power Station
45.9%
Gloucester Road
44.4%
Borough
43.3%
St. James's Park
43%
Mansion House
42.9%
Queensway
42.9%
Cannon Street
42.9%
Great Portland Street
42.2%
Lancaster Gate
42.1%
Nine Elms
40.9%
Bayswater
39.3%
Lambeth North
38%

From the Vault

Number Déjà vu

by manonthemoon

Didn't we just play this quiz, nah, it couldn't be...
Remove Ads.
Support Sporcle.
Get the best of Sporcle when you Go Orange. This ad-free experience offers more features, more stats, and more fun while also helping to support Sporcle. Thank you for becoming a member.

Show Comments

Extras

Top Quizzes Today


Score Distribution

Your Account Isn't Verified!

In order to create a playlist on Sporcle, you need to verify the email address you used during registration. Go to your Sporcle Settings to finish the process.

Report this User

Report this user for behavior that violates our Community Guidelines.

Details: